| 000 | 00855nam a2200193 a 4500 | ||
|---|---|---|---|
| 003 | AM-YeHGA | ||
| 005 | 20250618072403.0 | ||
| 008 | 050120s1885 ai r 000 0 arm d | ||
| 040 | _aAM-YeHGA | ||
| 100 | 1 |
_aԼեո, _d1860-1932 _91729 |
|
| 245 | 1 | 0 |
_aՈւխտաւորի յիշատակարանը / _cԱ. Բաբախանեանց. |
| 260 |
_aՇուշի : _bտպ. Միրզաջան Մահտեսի-Յակոբեանցի, _c1885. |
||
| 300 |
_a92, 17 էջ ; _c16 սմ. |
||
| 505 | 0 | _aԲովանդ.՝ Մինչեւ Թաղլար; Գտիչ; Մեռեալ աւան; Ուխտագնացութիւն; Դիզափայտի վրայ; Զկռատափ: Օխտը դռնի | |
| 650 | 1 | 0 | _aՀայոց պատմություն |
| 856 | 4 | 1 |
_uhttp://greenstone.flib.sci.am/gsdl/collect/haygirq/book/uxtavori_yish.pdf _yԿարդալ առցանց |
| 942 |
_2udc _cBK |
||
| 090 | _c154737 | ||
| 999 |
_c153341 _d153341 |
||